000 00454nmm a2200157Ia 4500
008 251105s9999||||xx |||||||||||||||||und||
020 _a9789875915091
041 _aspa
100 _aFontana, José Luis
245 0 _aPrincipios de ecología
264 _a[Buenos Aires, Argentina] :
_bEditorial Brujas,
_c2015
300 _a316 páginas
650 _aEnvironmental Sciences
856 _uhttps://public.digitaliapublishing.com/a/39623
942 _cCF
999 _c97501
_d97501